| Tag |
First Indicator |
Second Indicator |
Subfields |
| LEADER |
00000cas a2200000 a 4500 |
| 001 |
in00003402610 |
| 005 |
20151205185306.0 |
| 007 |
hd afa---bccu |
| 007 |
hd bfa---baau |
| 007 |
hd bfa---babu |
| 008 |
010413d19101920aluwr n a 0 0eng d |
| 035 |
|
|
|a (OCoLC)ocm46727481
|
| 037 |
|
|
|a USAIN TX SL AG X6-X10
|b TXA
|f microfilm
|
| 040 |
|
|
|a TXA
|c TXA
|d AGL
|d OCLCQ
|d UtOrBLW
|
| 043 |
|
|
|a n-usu--
|
| 049 |
|
|
|a TXAM
|
| 070 |
0 |
|
|a Film
|b S-2191
|
| 072 |
|
0 |
|a E200
|
| 090 |
|
|
|a S117
|b .U8 reel X6-X10
|
| 130 |
0 |
|
|a Progressive farmer and southern farm gazette (Starkville, Miss.)
|
| 245 |
1 |
4 |
|a The progressive farmer and southern farm gazette.
|
| 246 |
1 |
7 |
|a Progressive farmer
|
| 246 |
3 |
0 |
|a Southern farm gazette
|
| 250 |
|
|
|a Central ed.
|
| 264 |
|
1 |
|a Starkville, Miss. :
|b Dr. Tait Butler,
|c 1910-
|
| 300 |
|
|
|a volumes :
|b illustrations ;
|c 39 cm.
|
| 310 |
|
|
|a Weekly,
|b -1920
|
| 321 |
|
|
|a Semimonthly,
|b 1910-
|
| 336 |
|
|
|a text
|b txt
|2 rdacontent
|
| 337 |
|
|
|a microform
|b h
|2 rdamedia
|
| 338 |
|
|
|a microfilm reel
|b hd
|2 rdacarrier
|
| 362 |
1 |
|
|a Began with: Vol. 15, no. 1 (Jan. 8, 1910); ceased in Oct. 1920.
|
| 500 |
|
|
|a "A farm and home weekly for the states of Mississippi, Alabama, Louisiana, Arkansas, and Tennessee" 1910- ; "A farm and home weekly for Alabama, Mississippi, Tennessee and Arkansas" -1920.
|
| 500 |
|
|
|a Published at Birmingham, Ala. and Memphis, Tenn., -1920.
|
| 500 |
|
|
|a Called "Central edition" -1920.
|
| 533 |
|
|
|a Microfilm.
|m v.16:no. 2-v.28[i.e. 18]:no. 25 (1911:Jan. 14-1913:June 21)
|b College Station, Tex. :
|c Microfilmed by Texas State Library and Archives Commission on behalf of Texas A & M University General Libraries,
|d 2000.
|e 5 microfilm reels ; 35 mm.
|f (USAIN state and local literature preservation project, Texas ; reel X6-X10).
|
| 500 |
|
|
|a Microform.
|
| 650 |
|
0 |
|a Agriculture
|z Southern States
|v Newspapers.
|
| 651 |
|
0 |
|a Starkville (Miss.)
|v Newspapers.
|
| 651 |
|
0 |
|a Birmingham (Ala.)
|v Newspapers.
|
| 651 |
|
0 |
|a Jefferson County (Ala.)
|v Newspapers.
|
| 651 |
|
0 |
|a Memphis (Tenn.)
|v Newspapers.
|
| 651 |
|
0 |
|a Shelby County (Tenn.)
|v Newspapers.
|
| 752 |
|
|
|a United States
|b Alabama
|c Jefferson
|d Birmingham.
|
| 752 |
|
|
|a United States
|b Tennessee
|c Shelby
|d Memphis.
|
| 752 |
|
|
|a United States
|b Mississippi
|c Oktibbeha
|d Starkville.
|
| 776 |
1 |
|
|c Original
|w (OCoLC)16396692
|
| 776 |
0 |
|
|t Progressive farmer and southern farm gazette (Raleigh, N.C.)
|g 1910-1917
|
| 776 |
0 |
|
|t Progressive farmer (Raleigh, N.C. : 1917)
|g 1917-1920
|
| 780 |
0 |
0 |
|t Southern farm gazette
|
| 785 |
0 |
0 |
|t Progressive farmer (Birmingham, Ala. : 1920)
|
| 830 |
|
0 |
|a USAIN state and local literature preservation project, Texas ;
|v reel X6-X10.
|
| 994 |
|
|
|a C0
|b TXA
|
| 948 |
|
|
|a cataloged
|b h
|c 2013/8/15
|d c
|e coplinger
|f 2:37:44 pm
|
| 999 |
|
|
|a MARS
|
| 999 |
f |
f |
|s 5a27ebed-fc8b-32c2-a1c9-dca8580157ed
|i 41348642-0cf6-3aa2-89bc-bf75deba0a1a
|t 0
|
| 952 |
f |
f |
|a Texas A&M University
|b College Station
|c Sterling C. Evans Library
|d Evans: Microforms Film (3rd floor)
|t 0
|e S117 .U8 reel X6-X10
|h Library of Congress classification
|
| 998 |
f |
f |
|a S117 .U8 reel X6-X10
|s v.28:no.1-25 (1913:Jan.4-June 21) <on Reel X10>
|t 0
|l Evans: Microforms Film (3rd floor)
|